La expresividad poética (Record no. 6463)

MARC details
000 -LEADER
campo de control de longitud fija 00927nam a2200241 i 4500
001 - NÚMERO DE CONTROL
campo de control 6463
003 - IDENTIFICADOR DE NÚMERO DE CONTROL
campo de control ES-MaACL
005 - FECHA Y HORA DE LA ÚLTIMA TRANSACCIÓN
campo de control 20230906144940.0
007 - CAMPO FIJO DE DESCRIPCIÓN FÍSICA--INFORMACIÓN GENERAL
campo de control de longitud fija t|
008 - DATOS DE LONGITUD FIJA--INFORMACIÓN GENERAL
campo de control de longitud fija 891123s1987 sp |||| | spa d
020 ## - NÚMERO INTERNACIONAL ESTÁNDAR DEL LIBRO
Número Internacional Estándar del Libro 84-600-4829-2
080 ## - NÚMERO DE LA CLASIFICACIÓN DECIMAL UNIVERSAL
Número de la Clasificación Decimal Universal 860 Pérez-Clotet, Pedro 7 Signo del alba.06
100 1# - ENTRADA PRINCIPAL--NOMBRE DE PERSONA
Nombre de persona Hernández Guerrero, José Antonio.
9 (RLIN) 62956
245 13 - MENCIÓN DEL TÍTULO
Título La expresividad poética
Resto del título : análisis de Signo del Alba de Pedro Pérez-Clotet /
Mención de responsabilidad, etc. José Antonio Hernández Guerrero.
260 ## - PUBLICACIÓN, DISTRIBUCIÓN, ETC.
Lugar de publicación, distribución, etc. Cádiz :
Nombre del editor, distribuidor, etc. Universidad, Servicio de Publicaciones,
Fecha de publicación, distribución, etc. 1987.
300 ## - DESCRIPCIÓN FÍSICA
Extensión 285, 82 p. ;
Dimensiones 20 cm.
505 8# - NOTA DE CONTENIDO CON FORMATO
Nota de contenido con formato Incluye: ;
Título Signo del alba /
Mención de responsabilidad Pedro Pérez-Clotet. - Reprod. facs. de la ed. de: Málaga: Imprenta Sur, 1929
600 14 - PUNTO DE ACCESO ADICIONAL DE MATERIA--NOMBRE DE PERSONA
Nombre de persona Pérez-Clotet, Pedro,
Fechas asociadas al nombre 1902-1966
9 (RLIN) 90734
700 1# - ENTRADA AGREGADA--NOMBRE PERSONAL
Nombre de persona Pérez-Clotet, Pedro,
Fechas asociadas al nombre 1902-1966
9 (RLIN) 90734
740 02 - ENTRADA AGREGADA--TÍTULO RELACIONADO/ANALÍTICO NO CONTROLADO
Título relacionado o analítico no controlado Signo del Alba.
852 ## - LOCALIZACIÓN
Ubicación ES-MaACL
Número de control de estantería L-13646
Holdings
Estatus retirado Estado de pérdida Estado de daño No para préstamo Biblioteca de origen Biblioteca actual Ubicación en estantería Fecha de adquisición Fuente de adquisición Total de préstamos Signatura topográfica completa Código de barras Visto por última vez Precio de reemplazo Tipo de ítem Koha
        Biblioteca del Ateneo de Madrid Biblioteca del Ateneo de Madrid Depósito 2 17/01/2008     L-13646 1006583 23/02/2023 23/02/2023 Libro impreso